Il secondo sesso

保存先:
書誌詳細
第一著者: Simone De Beauvoir
フォーマット: 図書
言語:言語不明
出版事項: Il Saggiatore
タグ: タグ追加
タグなし, このレコードへの初めてのタグを付けませんか!

MARC

LEADER 00000nam a2200000Ia 4500
001 R-1551
003 CODICE-MESSINA
005 20260212102509.0
008 260211s9999 xx 000 0 und d
040 |c importazione_messina 
100 |a Simone De Beauvoir 
245 0 |a Il secondo sesso 
260 |b Il Saggiatore 
942 |2 ddc  |c BK 
952 |0 0  |1 0  |2 ddc  |4 0  |6 SCAFFALE_15_000000000000000__LGBT_S_R  |7 0  |9 32389  |a ME  |b ME  |d 2026-02-11  |l 0  |o SCAFFALE 15 - LGBT S.R.  |p R-1551  |r 2026-02-11 23:53:09  |w 2026-02-11  |x [REVISIONARE]  |y BK 
999 |c 28056  |d 28056